La méthode des scénarios : Une méthode qualitative innovante pour le marketing. Application au comportement éthique du vendeur en B to B (notice n° 1588072)

détails MARC
000 -LEADER
fixed length control field 01745cam a2200193 4500500
005 - DATE AND TIME OF LATEST TRANSACTION
control field 20251228061943.0
041 ## - LANGUAGE CODE
Language code of text/sound track or separate title fre
042 ## - AUTHENTICATION CODE
Authentication code dc
100 10 - MAIN ENTRY--PERSONAL NAME
Personal name Lavorata, Laure
Relator term author
245 00 - TITLE STATEMENT
Title La méthode des scénarios : Une méthode qualitative innovante pour le marketing. Application au comportement éthique du vendeur en B to B
260 ## - PUBLICATION, DISTRIBUTION, ETC.
Date of publication, distribution, etc. 2005.<br/>
500 ## - GENERAL NOTE
General note 4
520 ## - SUMMARY, ETC.
Summary, etc. Cet article présente une méthode qualitative peu utilisée : la méthode des scénarios. Cette méthode, qui consiste à questionner des praticiens sur des situations professionnelles concrètes, permet d’évaluer leur perception de ces situations et apporte ainsi une information riche sur les problèmes rencontrés par les opérationnels dans la mise en œuvre de la politique commerciale de l’entreprise. L’application de la méthode des scénarios à l’analyse du comportement éthique du vendeur en B to B, permet de décrire ses trois principales étapes méthodologiques et montre sa pertinence.
520 ## - SUMMARY, ETC.
Summary, etc. This paper describes a qualitative approach scarcely used by researchers : vignettes. This approach, which consists in interviewing practitioners on would-be situations, enables to evaluate their perceptions of such situations and gives information about problems encountered by professionals in their company. An application to b-to-b salespeople ethical behavior enables to describe the three steps of this method and to analyze its relevance.
700 10 - ADDED ENTRY--PERSONAL NAME
Personal name Nillès, Jean-Jacques
Relator term author
700 10 - ADDED ENTRY--PERSONAL NAME
Personal name Pontier, Suzanne
Relator term author
786 0# - DATA SOURCE ENTRY
Note Décisions Marketing | 37 | 1 | 2005-01-01 | p. 67-75 | 0779-7389
856 41 - ELECTRONIC LOCATION AND ACCESS
Uniform Resource Identifier <a href="https://shs.cairn.info/revue-decisions-marketing-2005-1-page-67?lang=fr&redirect-ssocas=7080">https://shs.cairn.info/revue-decisions-marketing-2005-1-page-67?lang=fr&redirect-ssocas=7080</a>

Pas d'exemplaire disponible.

PLUDOC

PLUDOC est la plateforme unique et centralisée de gestion des bibliothèques physiques et numériques de Guinée administré par le CEDUST. Elle est la plus grande base de données de ressources documentaires pour les Étudiants, Enseignants chercheurs et Chercheurs de Guinée.

Adresse

627 919 101/664 919 101

25 boulevard du commerce
Kaloum, Conakry, Guinée

Réseaux sociaux

Powered by Netsen Group @ 2025